logo

Bir Sreshtho Munshi Abdur Rouf Library
Jhenaidah Cadet College

পরিকল্পনা / (Record no. 3184)

MARC details
000 -LEADER
fixed length control field 00759nam a2200229 a 4500
001 - CONTROL NUMBER
JCCL Control Number 3184
003 - CONTROL NUMBER IDENTIFIER
JCCL marc code BD-JhCC
005 - DATE AND TIME OF LATEST TRANSACTION
control field 20171112172555.0
008 - FIXED-LENGTH DATA ELEMENTS--GENERAL INFORMATION
fixed length control field 171111s1985 bg |||| |||| 000 0 ben d
035 ## - SYSTEM CONTROL NUMBER
system control number (BD-JhCC)
040 ## - CATALOGING SOURCE
Original cataloging agency BD-JhCC
Modifying agency BD-JhCC
041 ## - LANGUAGE CODE
Language code of Book ben
082 ## - DEWEY DECIMAL CLASSIFICATION NUMBER
Classification number 338.9
Author mark and Year SAM 1985
100 ## - MAIN ENTRY--PERSONAL NAME
Personal name সামাদ, সৈয়দ আবদুল
245 ## - TITLE STATEMENT
Title পরিকল্পনা /
Statement of responsibility, etc সৈয়দ আবদুল সামাদ
260 ## - PUBLICATION, DISTRIBUTION, ETC. (IMPRINT)
Place of publication, distribution, etc ঢাকা:
Name of publisher, distributor, etc বাংলা একাডেমী ;
Date of publication, distribution, etc ১৯৮৫
300 ## - PHYSICAL DESCRIPTION
Pagination ৯৩ পৃ.;
Dimensions ১৮ সেমি
490 ## - SERIES STATEMENT
Series statement Series in honour of the Martyrs of the Language Movement of February 1952.
504 ## - BIBLIOGRAPHY, ETC. NOTE
Bibliography, etc Includes bibliography
650 ## - SUBJECT ADDED ENTRY--TOPICAL TERM
Topical term or geographic name as entry element Planning
942 ## - ADDED ENTRY ELEMENTS (KOHA)
Source of classification or shelving scheme Dewey Decimal Classification
Koha item type Books
Holdings
Source of classification or shelving scheme Damaged status Not for loan Home library Current library Date of accession Cost, normal purchase price Total Checkouts Full call number Barcode Date last seen Copy number Koha item type
Dewey Decimal Classification     JCC Rouf Library JCC Rouf Library 11/11/2017 15.00   338.9 SAM 1985 5104 11/11/2017 C-1 Books

JCC Library | Contacts | JCC Home

Last Update on 23 September 2017
Copyright @ 2017-2020 JCC Rouf Library
Rouf Library, Jhenidah Cadet College (JCC), Bangladesh